The ultimate guide to Umrah : with special chapters on Umrah in ramadaan & visit Madinah

Bibliographic Details
Main Author: Davids, Abu Muneer Ismail
Format: Book
Published: Riyadh : Darussalam , 2005
Subjects:

MARC

LEADER 00000cam a2200000 7i4500
001 0000024854
005 20090120.0
008 090120
020 |a 9960969045 
090 0 0 |a 297.352   |b DAV 
100 1 |a Davids, Abu Muneer Ismail 
245 1 0 |a The ultimate guide to Umrah :   |b with special chapters on Umrah in ramadaan & visit Madinah   |c Abu Muneer Ismail Davids 
260 |a Riyadh :   |b Darussalam ,   |c 2005 
650 0 |a Muslim pilgrims and pilgrimages 
650 0 |a Muslim pilgrims and pilgrimages   |z Saudi Arabia   |z Mecca 
999 |a 0001039463   |b Book   |c Adult Collection   |e Perbadanan Perpustakaan Awam Johor